| 000 | 00843nam a2200217Ia 4500 | ||
|---|---|---|---|
| 001 | 4403 | ||
| 003 | GE_BSU | ||
| 008 | 181216s||||||||xx |||||||||||||| ||und|| | ||
| 040 | _cGE_BSU | ||
| 080 | _a621.65/68+629 | ||
| 100 | _aБердюк,В.В. Бородавкин,П.П. Галеев,В.Б. | ||
| 245 | _aСтроительство и монтаж насосных и компрессорных станций магистральных трубопроводов. | ||
| 245 | _cРед. А.Ф.Ушакова. | ||
| 260 | _aМ. | ||
| 260 | _bИзд-во "недра | ||
| 260 | _c1968. | ||
| 300 | _a283 стр. 20 см. | ||
| 300 | _eТабл. | ||
| 653 | _aСтроительство и монтаж насосных и компрессорных станций магистральных трубопроводов. | ||
| 942 | _cBK | ||
| 999 |
_c38393 _d38393 |
||